UM Logo

Mindanao on the mend/ (Record no. 11884)

MARC details
000 -LEADER
fixed length control field 00436nam a22001217a 4500
008 - FIXED-LENGTH DATA ELEMENTS--GENERAL INFORMATION
fixed length control field 190111b ||||| |||| 00| 0 eng d
020 ## - INTERNATIONAL STANDARD BOOK NUMBER
International Standard Book Number 971-27-1296-6
082 ## - DEWEY DECIMAL CLASSIFICATION NUMBER
Edition number 2003
Classification number DFil 305.89921
Item number M661
245 ## - TITLE STATEMENT
Title Mindanao on the mend/
Statement of responsibility, etc. edited by Eliseo R. Mercado, Jr. and Margie Moran Floirendo; photographs by Ryan Anson
300 ## - PHYSICAL DESCRIPTION
Extent 136 pages:
Other physical details illustrations ;
Dimensions 26 cm
650 ## - SUBJECT ADDED ENTRY--TOPICAL TERM
Topical term or geographic name as entry element Ethnicity
Geographic subdivision Central Mindanao
9 (RLIN) 33810
942 ## - ADDED ENTRY ELEMENTS (KOHA)
Source of classification or shelving scheme Dewey Decimal Classification
Koha item type Filipiniana
Holdings
Withdrawn status Lost status Source of classification or shelving scheme Damaged status Not for loan Collection code Home library Current library Source of acquisition Total Checkouts Full call number Barcode Date last seen Copy number Price effective from Koha item type Date acquired
    Dewey Decimal Classification     Filipiniana UM Digos College - LIC UM Digos College - LIC Purchased   DFil 305.89921 M661 2003 15522 05/15/2025 1 01/11/2019 Filipiniana  
    Dewey Decimal Classification     Filipiniana UM Digos College - LIC UM Digos College - LIC Purchase   DFil 305.89921 M661 2003 15523 06/08/2021 2 10/14/2020 Filipiniana 05/21/2004